[Event "Titled Tuesday intern op 01st Sept"]
[Site "Chess.com INT"]
[Date "2020.09.01"]
[Round "2"]
[White "Gritsayeva, Oksana"]
[Black "Hayrapetyan, Arman"]
[Result "0-1"]
[WhiteElo "2373"]
[BlackElo "2362"]
[PlyCount "98"]
[EventDate "2020.09.01"]
[EventType "swiss (blitz)"]
[EventRounds "10"]
[EventCountry "USA"]
[SourceTitle "CBM 198 Extra"]
[Source "ChessBase"]
[SourceDate "2020.11.30"]
[SourceVersion "1"]
[SourceVersionDate "2020.11.30"]
[SourceQuality "1"]

1. e4 e6 2. d4 d5 3. exd5 exd5 4. Nf3 Nf6 5. Bd3 c5 6. 0-0 c4 7. Re1+ Be7 8. Bf1 0-0 9. b3 cxb3 10. axb3 Nc6 11. c3 Bf5 12. Bg5 h6 13. Bh4 Re8 14. Nbd2 Rc8 15. Bb5 a6 16. Bxc6 Rxc6 17. Rc1 Ba3 18. Rxe8+ Qxe8 19. Bxf6 Rxf6 20. Ra1 Bb2 21. Ra5 Bxc3 22. Rxd5 Bb4 23. Re5 Qd7 24. Ne4 Rc6 25. h3 Ba3 26. Qe2 Rc1+ 27. Kh2 f6 28. Nc5 Bxc5 29. Rxc5 Rxc5 30. dxc5 Qc7+ 31. g3 Qxc5 32. Nh4 Bd7 33. Ng6 Kf7 34. Nh8+ Kg8 35. Ng6 Qd6 36. Nf4 Bf5 37. Qe8+ Kh7 38. Qf7 Qd7 39. Qh5 b5 40. Qf3 a5 41. Nd5 Be6 42. Nf4 Bf5 43. Nd5 Qe6 44. Nc7 Qe5 45. Ne8 Bg6 46. Qa8 Qxe8 47. Qxa5 Qe2 48. Kg1 Qd1+ 49. Kg2 Be4+ 0-1

[Event "Titled Tuesday intern op 01st Sept"]
[Site "Chess.com INT"]
[Date "2020.09.01"]
[Round "3"]
[White "Hayrapetyan, Arman"]
[Black "Chen, Ryo"]
[Result "1-0"]
[WhiteElo "2362"]
[BlackElo "2085"]
[PlyCount "81"]
[EventDate "2020.09.01"]
[EventType "swiss (blitz)"]
[EventRounds "10"]
[EventCountry "USA"]
[SourceTitle "CBM 198 Extra"]
[Source "ChessBase"]
[SourceDate "2020.11.30"]
[SourceVersion "1"]
[SourceVersionDate "2020.11.30"]
[SourceQuality "1"]

1. d4 Nf6 2. c4 g6 3. Nc3 Bg7 4. e4 d6 5. Nf3 0-0 6. Be2 e5 7. d5 a5 8. Bg5 h6 9. Bh4 Na6 10. Nd2 Qe8 11. 0-0 Nh7 12. a3 Bd7 13. b3 h5 14. f3 f5 15. Rb1 g5 16. Bf2 f4 17. b4 Qg6 18. c5 g4 19. c6 bxc6 20. dxc6 Be6 21. Bc4 Bxc4 22. Nxc4 gxf3 23. Qxf3 Ng5 24. Qd3 f3 25. g3 h4 26. Kh1 Nh3 27. Nd5 Rf7 28. Nce3 Nxf2+ 29. Rxf2 hxg3 30. hxg3 Qxg3 31. Rbf1 Bf8 32. Rh2 Rh7 33. Nf6+ Kf7 34. Nxh7 axb4 35. Qb3+ Ke8 36. Qe6+ Be7 37. Nf6+ Kf8 38. Rh8+ Kg7 39. Rg8+ Rxg8 40. Qxg8+ Kxf6 41. Nd5# 1-0

[Event "Titled Tuesday intern op 01st Sept"]
[Site "Chess.com INT"]
[Date "2020.09.01"]
[Round "7"]
[White "Korobov, Anton"]
[Black "Hayrapetyan, Arman"]
[Result "1/2-1/2"]
[WhiteElo "2688"]
[BlackElo "2362"]
[PlyCount "217"]
[EventDate "2020.09.01"]
[EventType "swiss (blitz)"]
[EventRounds "10"]
[EventCountry "USA"]
[SourceTitle "CBM 198 Extra"]
[Source "ChessBase"]
[SourceDate "2020.11.30"]
[SourceVersion "1"]
[SourceVersionDate "2020.11.30"]
[SourceQuality "1"]

1. d4 d5 2. c4 e6 3. Nc3 Nf6 4. cxd5 exd5 5. Bg5 c6 6. e3 Be7 7. Bd3 Bg4 8. Nge2 Bh5 9. 0-0 Bg6 10. Ng3 0-0 11. Nf5 Nbd7 12. Nxe7+ Qxe7 13. Be2 Qb4 14. Qd2 Rfe8 15. Rfc1 a5 16. a3 Qf8 17. h3 h6 18. Bf4 Nb6 19. b3 a4 20. Qb2 Qe7 21. Bh2 Bf5 22. Bf1 Rec8 23. b4 Nc4 24. Bxc4 dxc4 25. Re1 Ne4 26. f3 Nxc3 27. Qxc3 Bd3 28. e4 Rd8 29. Kh1 Kh7 30. Rad1 Rd7 31. Rd2 Rad8 32. Bg1 Qf6 33. Rc1 Qg6 34. Rxd3 cxd3 35. Qxd3 Qe6 36. Rc5 Kg8 37. Rc3 Rf8 38. Qc2 Ra8 39. Kh2 Qd6+ 40. Kh1 Qe6 41. g4 Qf6 42. Kg2 Qe6 43. h4 Qf6 44. Rc4 Qxh4 45. Rc5 Qf6 46. Be3 Qe6 47. Rc3 Qd6 48. Qf2 Qg6 49. Qg3 Qe6 50. g5 h5 51. Qh4 g6 52. Qf4 Qa2+ 53. Kg3 Qe6 54. Kh2 Qd6 55. Qxd6 Rxd6 56. Kg3 Rd7 57. Rc5 Kf8 58. Kh4 Ke8 59. Bf2 Kd8 60. f4 Re7 61. e5 Kd7 62. d5 cxd5 63. Rxd5+ Ke6 64. Rd6+ Kf5 65. Bc5 Rc7 66. Rf6+ Ke4 67. Bd6 Rd7 68. Kg3 Rc8 69. Bc5 Rcc7 70. e6 Rd3+ 71. Kh4 fxe6 72. Rxg6 Kxf4 73. Rxe6 Rc6 74. Re7 Rd1 75. Rf7+ Ke5 76. Kxh5 Rh1+ 77. Kg4 b6 78. Be3 Ke4 79. Bf2 Rf1 80. Rf4+ Kd3 81. b5 Re6 82. Bg3 Rxf4+ 83. Bxf4 Ke4 84. Bc7 Kd5 85. Kf5 Re7 86. Bxb6 Rb7 87. Be3 Rxb5 88. g6 Rb7 89. Bh6 Kc4 90. g7 Rb8 91. Bf4 Rg8 92. Kg6 Kb3 93. Bd6 Kc4 94. Kf7 Rxg7+ 95. Kxg7 Kb5 96. Bb4 Ka6 97. Kf6 Kb7 98. Ke5 Ka8 99. Kd5 Kb7 100. Kc5 Ka8 101. Kb5 Kb7 102. Kxa4 Ka8 103. Kb5 Kb7 104. a4 Ka8 105. a5 Kb7 106. a6+ Ka8 107. Bc5 Kb8 108. a7+ Ka8 109. Ka6 1/2-1/2

[Event "Titled Tuesday intern op 01st Sept"]
[Site "Chess.com INT"]
[Date "2020.09.01"]
[Round "6"]
[White "Patrascu, Catalin Lucian"]
[Black "Hayrapetyan, Arman"]
[Result "0-1"]
[WhiteElo "2320"]
[BlackElo "2362"]
[PlyCount "96"]
[EventDate "2020.09.01"]
[EventType "swiss (blitz)"]
[EventRounds "10"]
[EventCountry "USA"]
[SourceTitle "CBM 198 Extra"]
[Source "ChessBase"]
[SourceDate "2020.11.30"]
[SourceVersion "1"]
[SourceVersionDate "2020.11.30"]
[SourceQuality "1"]

1. e4 e6 2. d4 d5 3. Bd3 c5 4. exd5 exd5 5. Nf3 c4 6. Be2 Bd6 7. b3 cxb3 8. axb3 Ne7 9. 0-0 0-0 10. c4 Nbc6 11. Nc3 Bf5 12. Bg5 f6 13. Bh4 Nb4 14. Qd2 a6 15. c5 Bc7 16. Nb5 Nbc6 17. Nxc7 Qxc7 18. Bg3 Qd7 19. Qc3 Rfe8 20. Rfe1 Na7 21. Qb4 Nec6 22. Qc3 Nb5 23. Bxb5 axb5 24. h3 b4 25. Qd2 Rxe1+ 26. Qxe1 Re8 27. Qd2 Be4 28. Ne1 Qf7 29. f3 Bf5 30. Bf2 h5 31. Nc2 Bxc2 32. Qxc2 g5 33. h4 g4 34. Qf5 gxf3 35. gxf3 Kh8 36. Kh1 Rg8 37. Rg1 Rxg1+ 38. Bxg1 Kg7 39. Bf2 Kg8 40. Kh2 Kh8 41. Be3 Kg8 42. Kh1 Kg7 43. Kh2 Qc7+ 44. Bf4 Nxd4 45. Qxf6+ Kxf6 46. Bxc7 Nxb3 47. Bd6 Nd4 48. c6 Nxc6 0-1

[Event "ARM-ch rapid"]
[Site "Yerevan"]
[Date "2020.01.23"]
[Round "8"]
[White "Hayrapetyan, Arman"]
[Black "Petrosian, Tigran L"]
[Result "1/2-1/2"]
[WhiteElo "2375"]
[BlackElo "2601"]
[PlyCount "196"]
[EventDate "2020.01.22"]
[EventType "swiss (rapid)"]
[EventRounds "9"]
[EventCountry "ARM"]
[SourceTitle "CBM 194 Extra"]
[Source "ChessBase"]
[SourceDate "2020.03.31"]
[SourceVersion "1"]
[SourceVersionDate "2020.03.31"]
[SourceQuality "1"]

1. e4 g6 2. d4 Bg7 3. Nc3 a6 4. a4 d6 5. Bc4 Nf6 6. Nf3 0-0 7. 0-0 Nc6 8. Be3 Bg4 9. h3 Bxf3 10. Qxf3 Nd7 11. Rad1 e5 12. dxe5 Ndxe5 13. Qe2 Nxc4 14. Qxc4 Re8 15. Nd5 Rc8 16. c3 Re6 17. Rfe1 Qd7 18. Qb3 Rb8 19. f3 b6 20. Qc2 h6 21. Nf4 Ree8 22. Nd5 Kh7 23. Re2 Ne7 24. Nxe7 Rxe7 25. Bd4 Qc6 26. Bxg7 Kxg7 27. Red2 Rbe8 28. Rd5 Re5 29. c4 a5 30. b3 f6 31. Qf2 Qa8 32. R1d2 Qc8 33. Qd4 Kh7 34. Qd3 Qd7 35. Rd1 Qf7 36. Rd2 h5 37. Rd1 h4 38. Rd2 Qg7 39. Rd1 Qh6 40. Qd2 Qh5 41. Qc2 Qg5 42. Qd2 Qh5 43. Qc2 R8e7 44. R1d2 Qg5 45. Rd1 Qe3+ 46. Kf1 Qf4 47. Qd2 Rxe4 48. Qf2 Re2 49. Qxe2 Rxe2 50. Kxe2 f5 51. R5d4 Qe5+ 52. Kf1 Kg7 53. R4d3 Kf6 54. Re1 Qb2 55. f4 Qc2 56. Rde3 Qd2 57. Re6+ Kg7 58. Re7+ Kh6 59. R7e3 Qd4 60. Rf3 c6 61. Ree3 d5 62. cxd5 cxd5 63. Kg1 Qd2 64. Kh2 Qd4 65. Re6 Qb4 66. Re5 b5 67. Rxd5 bxa4 68. bxa4 Qxa4 69. Rdd3 Qb5 70. Rb3 Qa6 71. Rbc3 a4 72. Rcd3 Qc4 73. Rc3 Qb4 74. Rcd3 Qb6 75. Ra3 Qa7 76. Rfd3 Kg7 77. Ra2 Kh6 78. Kh1 Qb8 79. Rda3 Qxf4 80. Rxa4 Qc1+ 81. Kh2 g5 82. Ra6+ Kh5 83. R6a5 Qb1 84. Re2 Qb8+ 85. Ree5 g4 86. hxg4+ Kxg4 87. Rab5 Qc7 88. Rbc5 Qd6 89. Rcd5 Qc7 90. Rd4+ Kg5 91. Rdd5 h3 92. g3 Kg4 93. Rd4+ Kg5 94. Rdd5 Qh7 95. Rc5 Kf6 96. Rxf5+ Qxf5 97. Rxf5+ Kxf5 98. Kxh3 Ke5 1/2-1/2

[Event "ARM-ch rapid"]
[Site "Yerevan"]
[Date "2020.01.22"]
[Round "2"]
[White "Hayrapetyan, Arman"]
[Black "Hakobyan, Aram"]
[Result "1/2-1/2"]
[WhiteElo "2375"]
[BlackElo "2582"]
[PlyCount "117"]
[EventDate "2020.01.22"]
[EventType "swiss (rapid)"]
[EventRounds "9"]
[EventCountry "ARM"]
[SourceTitle "CBM 194 Extra"]
[Source "ChessBase"]
[SourceDate "2020.03.31"]
[SourceVersion "1"]
[SourceVersionDate "2020.03.31"]
[SourceQuality "1"]

1. e4 c6 2. Nc3 d5 3. Nf3 Bg4 4. h3 Bxf3 5. Qxf3 e6 6. d4 Nf6 7. Bd3 Qb6 8. 0-0 Nbd7 9. e5 Ng8 10. Ne2 Ne7 11. a4 Qc7 12. a5 c5 13. c3 a6 14. Qg3 Nc6 15. f4 g6 16. f5 gxf5 17. Bxf5 cxd4 18. cxd4 exf5 19. e6 Qxg3 20. exd7+ Kxd7 21. Nxg3 Nxd4 22. Nxf5 Nxf5 23. Rxf5 Ke6 24. Rf3 Bg7 25. Bg5 Bd4+ 26. Kf1 f6 27. Re1+ Kf7 28. Rd1 Be5 29. Rxd5 Ke6 30. Rc5 Rac8 31. Rxc8 Rxc8 32. Bf4 Bxf4 33. Rxf4 Rc1+ 34. Kf2 Rc2+ 35. Kf3 Rxb2 36. Rh4 Rb3+ 37. Kf2 Ke5 38. Rxh7 f5 39. g3 Rb2+ 40. Kf3 Rb3+ 41. Kf2 Rb2+ 42. Kf3 Rb3+ 43. Kf2 Rb5 44. h4 Rxa5 45. Rxb7 Ra2+ 46. Kf3 Ra3+ 47. Kf2 a5 48. Re7+ Kf6 49. Ra7 a4 50. Ra5 Ra1 51. Kf3 a3 52. Ra6+ Kg7 53. Kg2 Kf7 54. Kf2 a2 55. Kg2 Kg7 56. h5 Kh7 57. h6 Rb1 58. Rxa2 Kxh6 59. Ra8 1/2-1/2

[Event "ARM-ch 1st League 79th"]
[Site "Yerevan"]
[Date "2018.08.21"]
[Round "12"]
[White "Hayrapetyan, Arman"]
[Black "Hoghmrtsyan, Artur"]
[Result "1-0"]
[WhiteElo "2371"]
[BlackElo "2157"]
[PlyCount "95"]
[EventDate "2018.08.09"]
[EventType "tourn"]
[EventRounds "13"]
[EventCountry "ARM"]
[EventCategory "5"]
[SourceTitle "CBM 186 Extra"]
[Source "ChessBase"]
[SourceDate "2018.08.24"]
[SourceVersion "1"]
[SourceVersionDate "2018.08.24"]
[SourceQuality "1"]

1. d4 d5 2. Nf3 Nf6 3. g3 g6 4. Bg2 Bg7 5. 0-0 0-0 6. c4 c6 7. Qb3 Qb6 8. Nc3 Rd8 9. c5 Qxb3 10. axb3 Na6 11. Bf4 Nd7 12. Rfd1 e5 13. Nxe5 Nxe5 14. Bxe5 Bxe5 15. dxe5 Nxc5 16. b4 Nd7 17. f4 Nb6 18. b5 Be6 19. bxc6 bxc6 20. b4 f6 21. exf6 Kf7 22. Kf2 Rd7 23. Ra6 Rc8 24. Rda1 Rcc7 25. e3 Bf5 26. Rd1 Kxf6 27. b5 Be6 28. e4 cxb5 29. e5+ Ke7 30. Nxb5 Rc2+ 31. Kg1 Bg4 32. Rda1 Be2 33. Nd4 Bxa6 34. Nxc2 Bd3 35. Nd4 Rc7 36. g4 a6 37. Ra3 Bb5 38. f5 Rc1+ 39. Kf2 Nc4 40. f6+ Kf8 41. Nxb5 Rc2+ 42. Kf3 Nxa3 43. Nxa3 Rc3+ 44. Kf4 Rxa3 45. e6 Rd3 46. Ke5 Re3+ 47. Kd6 d4 48. Bd5 1-0

[Event "ARM-ch 1st League 79th"]
[Site "Yerevan"]
[Date "2018.08.20"]
[Round "11"]
[White "Hayrapetyan, Arman"]
[Black "Davtyan, Artur"]
[Result "1-0"]
[WhiteElo "2371"]
[BlackElo "2353"]
[PlyCount "83"]
[EventDate "2018.08.09"]
[EventType "tourn"]
[EventRounds "13"]
[EventCountry "ARM"]
[EventCategory "5"]
[SourceTitle "CBM 186 Extra"]
[Source "ChessBase"]
[SourceDate "2018.08.24"]
[SourceVersion "1"]
[SourceVersionDate "2018.08.24"]
[SourceQuality "1"]

1. Nf3 Nf6 2. d4 g6 3. e3 Bg7 4. Be2 b6 5. 0-0 Bb7 6. c4 0-0 7. b4 a5 8. b5 Ne4 9. Bb2 d6 10. Qc2 Nd7 11. Nbd2 f5 12. a4 e6 13. Nb3 g5 14. Nfd2 Nxd2 15. Nxd2 g4 16. f3 Qg5 17. f4 Qh5 18. e4 Nf6 19. Bd3 g3 20. h3 Ng4 21. Rf3 Qh4 22. Nf1 Nf2 23. d5 fxe4 24. Rxg3 e5 25. Qxf2 Rxf4 26. Rxg7+ Kxg7 27. Qxh4 Rxh4 28. Ng3 Rf8 29. Bxe4 Kg8 30. Bc1 h6 31. Bd2 Kh8 32. Re1 Bc8 33. Rf1 Rxf1+ 34. Kxf1 Kg7 35. Kf2 Bd7 36. Kf3 Kf6 37. Be3 Be8 38. Bd3 Bg6 39. Bxg6 Kxg6 40. Ne4 Kf7 41. g3 Rh5 42. Kg2 1-0

[Event "ARM-ch 1st League 79th"]
[Site "Yerevan"]
[Date "2018.08.13"]
[Round "5"]
[White "Hayrapetyan, Arman"]
[Black "Gharibyan, Mamikon"]
[Result "1-0"]
[WhiteElo "2371"]
[BlackElo "2341"]
[PlyCount "91"]
[EventDate "2018.08.09"]
[EventType "tourn"]
[EventRounds "13"]
[EventCountry "ARM"]
[EventCategory "5"]
[SourceTitle "CBM 186 Extra"]
[Source "ChessBase"]
[SourceDate "2018.08.24"]
[SourceVersion "1"]
[SourceVersionDate "2018.08.24"]
[SourceQuality "1"]

1. c4 Nf6 2. Nf3 e6 3. g3 d5 4. d4 Bb4+ 5. Bd2 Bd6 6. Bg2 0-0 7. 0-0 Nbd7 8. Qc2 c6 9. Rd1 Ne4 10. Be1 f5 11. Nc3 a6 12. Rac1 Qe7 13. a3 b6 14. cxd5 cxd5 15. Ne5 Bb7 16. Qb3 Nxe5 17. dxe5 Bc5 18. Na4 f4 19. Nxc5 bxc5 20. Qb6 Rac8 21. f3 Rc6 22. Qa5 Ng5 23. Bf2 c4 24. Qd2 fxg3 25. hxg3 Nf7 26. Bd4 Rcc8 27. b4 cxb3 28. Qb2 Qg5 29. Rxc8 Bxc8 30. Kf2 Nh6 31. f4 Ng4+ 32. Kg1 Qh5 33. Rd3 g5 34. Rf3 gxf4 35. Qxb3 Nxe5 36. Rxf4 Rxf4 37. gxf4 Nc6 38. Ba1 Bd7 39. Bf3 Qh4 40. Qb2 Qg3+ 41. Kf1 Kf7 42. Qf6+ Kg8 43. Bh5 Qh3+ 44. Ke1 Qg3+ 45. Kd2 d4 46. Bf7+ 1-0

[Event "ARM-ch 1st League 79th"]
[Site "Yerevan"]
[Date "2018.08.12"]
[Round "4"]
[White "Poghosyan, Suren"]
[Black "Hayrapetyan, Arman"]
[Result "1-0"]
[WhiteElo "2301"]
[BlackElo "2371"]
[PlyCount "79"]
[EventDate "2018.08.09"]
[EventType "tourn"]
[EventRounds "13"]
[EventCountry "ARM"]
[EventCategory "5"]
[SourceTitle "CBM 186 Extra"]
[Source "ChessBase"]
[SourceDate "2018.08.24"]
[SourceVersion "1"]
[SourceVersionDate "2018.08.24"]
[SourceQuality "1"]

1. d4 d5 2. c4 e6 3. Nc3 c6 4. e4 dxe4 5. Nxe4 Bb4+ 6. Bd2 Qxd4 7. Bxb4 Qxe4+ 8. Be2 Qxg2 9. Qd6 Nd7 10. 0-0-0 Qg5+ 11. f4 Qe7 12. Qd2 c5 13. Bc3 Ngf6 14. Qe3 b5 15. Bf3 Rb8 16. cxb5 Rxb5 17. Ne2 0-0 18. Rhg1 Rb6 19. Rxd7 Bxd7 20. Qe5 h6 21. Ng3 Qd6 22. Qxd6 Rxd6 23. Bxf6 Ra6 24. Nf5 exf5 25. Rxg7+ Kh8 26. Bc3 f6 27. Rxd7 Rxa2 28. Bd5 Ra1+ 29. Kd2 Rf1 30. Bf7 Rxf4 31. Bxf6+ Kh7 32. Be5 Rb4 33. Bc4+ Kg6 34. Rg7+ Kh5 35. Be2+ Rg4 36. h3 Kh4 37. hxg4 f4 38. Rg6 f3 39. Bf1 Re8 40. Bf4 1-0

[Event "ARM-chT"]
[Site "Yerevan"]
[Date "2018.06.08"]
[Round "1.4"]
[White "Hayrapetyan, Arman"]
[Black "Gharibyan, Mamikon"]
[Result "1/2-1/2"]
[WhiteElo "2383"]
[BlackElo "2275"]
[PlyCount "96"]
[EventDate "2018.06.08"]
[EventType "team-tourn"]
[EventRounds "7"]
[EventCountry "ARM"]
[SourceTitle "CBM 184 Extra"]
[Source "ChessBase"]
[SourceDate "2018.06.28"]
[SourceVersion "1"]
[SourceVersionDate "2018.06.28"]
[SourceQuality "1"]
[WhiteTeam "Gasparyan"]
[BlackTeam "Gross School"]
[WhiteTeamCountry "ARM"]
[BlackTeamCountry "ARM"]

1. e4 e5 2. Nf3 Nc6 3. Nc3 Nf6 4. d4 exd4 5. Nxd4 Bb4 6. Nxc6 bxc6 7. Bd3 d5 8. exd5 cxd5 9. 0-0 0-0 10. Qf3 c6 11. h3 h6 12. Bf4 Bd6 13. Rfe1 Be6 14. Ne2 Bxf4 15. Nxf4 Qd6 16. c4 Rfe8 17. cxd5 Bxd5 18. Nxd5 cxd5 19. Re3 Qb4 20. b3 Qd2 21. Re2 Rxe2 22. Qxe2 Qc3 23. Re1 g6 24. Qe5 Rc8 25. Qxc3 Rxc3 26. Rd1 Kf8 27. Kf1 Ke7 28. Ke2 a5 29. Ke3 Kd6 30. Kd4 Rc7 31. Re1 Rb7 32. Rc1 Nd7 33. Rc8 Rb4+ 34. Kc3 Rf4 35. f3 Nb6 36. Rb8 d4+ 37. Kd2 Kc7 38. Rf8 Nd5 39. Bc4 Ne3 40. Kd3 Nxg2 41. Rxf7+ Rxf7 42. Bxf7 Nf4+ 43. Kxd4 g5 44. a3 Nxh3 45. b4 axb4 46. axb4 Kb6 47. Be8 Nf4 48. Kc4 h5 1/2-1/2

[Event "Poti Aleksandria Cup 11th"]
[Site "Poti"]
[Date "2016.07.17"]
[Round "6"]
[White "Hayrapetyan, Arman"]
[Black "Matevosyan, Sedrak"]
[Result "0-1"]
[WhiteElo "2286"]
[BlackElo "2095"]
[PlyCount "93"]
[EventDate "2016.07.13"]
[EventType "swiss"]
[EventRounds "9"]
[EventCountry "GEO"]
[SourceTitle "CBM 173 Extra"]
[Source "ChessBase"]
[SourceDate "2016.08.29"]
[SourceVersion "1"]
[SourceVersionDate "2016.08.29"]
[SourceQuality "1"]

1. d4 Nf6 2. Nf3 e6 3. c4 b6 4. g3 Ba6 5. Nbd2 Bb7 6. Bg2 c5 7. dxc5 Bxc5 8. 0-0 0-0 9. Nb3 Be7 10. Nbd4 d6 11. b3 a6 12. Bb2 Nbd7 13. Rc1 Qc7 14. e3 Be4 15. Qe2 Qb7 16. Bh3 Nc5 17. Ne1 b5 18. f3 Bg6 19. cxb5 axb5 20. b4 Na4 21. Ba1 Nd5 22. a3 Rfc8 23. Rxc8+ Rxc8 24. Ng2 Nac3 25. Qd2 Bf6 26. Kh1 Rc4 27. Nh4 Bg5 28. Re1 Nb1 29. Qf2 Bxh4 30. gxh4 Nxa3 31. Rg1 Nf6 32. e4 Rxb4 33. Nxe6 Nxe4 34. Qa2 Nc4 35. h5 Ncd2 36. fxe4 Bxe4+ 37. Bg2 Bxg2+ 38. Rxg2 Rb1+ 39. Qxb1 Nxb1 40. Nxg7 Kf8 41. Nf5 Qd5 42. Bg7+ Ke8 43. Ng3 b4 44. h3 Nc3 45. Kh2 Qf3 46. h6 b3 47. h4 0-1

[Event "Poti Aleksandria Cup 11th"]
[Site "Poti"]
[Date "2016.07.15"]
[Round "3"]
[White "Eynullayev, Altay Elshan"]
[Black "Hayrapetyan, Arman"]
[Result "1-0"]
[WhiteElo "1982"]
[BlackElo "2286"]
[PlyCount "139"]
[EventDate "2016.07.13"]
[EventType "swiss"]
[EventRounds "9"]
[EventCountry "GEO"]
[SourceTitle "CBM 173 Extra"]
[Source "ChessBase"]
[SourceDate "2016.08.29"]
[SourceVersion "1"]
[SourceVersionDate "2016.08.29"]
[SourceQuality "1"]

1. e4 e6 2. d4 d5 3. Nc3 Bb4 4. e5 c5 5. a3 Bxc3+ 6. bxc3 Ne7 7. Qg4 Qc7 8. Qxg7 Rg8 9. Qxh7 cxd4 10. Ne2 dxc3 11. f4 Nbc6 12. h4 Bd7 13. h5 0-0-0 14. Qd3 Nf5 15. Rb1 d4 16. Rg1 Nh6 17. g3 Ng4 18. Nxd4 Nxd4 19. Qxd4 Bc6 20. Qxc3 f6 21. Bg2 Qd7 22. Bd2 fxe5 23. Bxc6 bxc6 24. Qb4 Qc7 25. Qc4 Kd7 26. Bb4 Qb6 27. Rd1+ Kc8 28. Bc5 Qa5+ 29. Qb4 Qa6 30. Bd6 Qb5 31. Qxb5 cxb5 32. Bxe5 Rdf8 33. Bd4 Rf5 34. Rh1 e5 35. fxe5 Nxe5 36. Bxe5 Rxe5+ 37. Kf2 Rc5 38. Rd2 Rf5+ 39. Kg2 Rfg5 40. Rh3 Rh8 41. h6 Rg6 42. h7 Rg7 43. Rd5 Rgxh7 44. Rxh7 Rxh7 45. Rc5+ Kd8 46. Rxb5 Rc7 47. Kh3 Rxc2 48. Rb7 a5 49. Rb5 a4 50. Rb4 Ke7 51. Rxa4 Kf6 52. Rb4 Ra2 53. a4 Ra1 54. g4 Ra3+ 55. Kh4 Ra1 56. Kg3 Ke5 57. Rb5+ Kf6 58. g5+ Ke6 59. a5 Ra4 60. g6 Kf6 61. Rb6+ Kg7 62. a6 Re4 63. Kf3 Re1 64. Kf4 Ra1 65. Ke5 Rd1 66. Rd6 Rc1 67. Kd5 Rc2 68. Rc6 Rb2 69. Kc5 Rb1 70. Rb6 1-0

[Event "ARM-ch rapid"]
[Site "Yerevan"]
[Date "2016.01.24"]
[Round "2"]
[White "Hayrapetyan, Arman"]
[Black "Khachatryan, Vahagn"]
[Result "1-0"]
[WhiteElo "2383"]
[BlackElo "2283"]
[PlyCount "87"]
[EventDate "2016.01.24"]
[EventType "swiss (rapid)"]
[EventRounds "8"]
[EventCountry "ARM"]
[SourceTitle "CBM 170 Extra"]
[Source "ChessBase"]
[SourceDate "2016.02.25"]
[SourceVersion "1"]
[SourceVersionDate "2016.02.25"]
[SourceQuality "1"]

1. e4 c6 2. Nc3 d5 3. Nf3 Bg4 4. d4 Nf6 5. e5 Nfd7 6. h3 Bxf3 7. Qxf3 e6 8. Qg3 Qb6 9. f4 Qxd4 10. Be3 Qb4 11. 0-0-0 g6 12. h4 h5 13. Bd3 d4 14. a3 Qc5 15. Bf2 Qb6 16. Bxg6 Rg8 17. Bxf7+ Kxf7 18. Qf3 Rg4 19. Rxd4 Qc7 20. Ne4 Bc5 21. Rxd7+ Nxd7 22. Bxc5 Nxc5 23. Nxc5 Rd8 24. f5 Qxe5 25. fxe6+ Kg8 26. Qf7+ Kh8 27. e7 Rdg8 28. Nd7 Qf4+ 29. Qxf4 Rxf4 30. Re1 Re8 31. Re5 Rf7 32. Rxh5+ Kg7 33. Rg5+ Kh6 34. Ne5 Rfxe7 35. Ng4+ Kh7 36. Nf6+ Kh6 37. Nxe8 Rxe8 38. g3 Re2 39. b4 b5 40. Rc5 Re6 41. g4 Kg7 42. h5 Re3 43. Kb2 Rg3 44. g5 1-0

[Event "ARM-ch rapid"]
[Site "Yerevan"]
[Date "2016.01.24"]
[Round "7"]
[White "Hayrapetyan, Arman"]
[Black "Petrosian, Tigran L"]
[Result "1/2-1/2"]
[WhiteElo "2383"]
[BlackElo "2625"]
[PlyCount "135"]
[EventDate "2016.01.24"]
[EventType "swiss (rapid)"]
[EventRounds "8"]
[EventCountry "ARM"]
[SourceTitle "CBM 170 Extra"]
[Source "ChessBase"]
[SourceDate "2016.02.25"]
[SourceVersion "1"]
[SourceVersionDate "2016.02.25"]
[SourceQuality "1"]

1. e4 d6 2. d4 g6 3. Nc3 Bg7 4. Bc4 Nf6 5. Nf3 0-0 6. e5 dxe5 7. Nxe5 Nbd7 8. 0-0 c6 9. Bg5 Nb6 10. Bb3 Nfd5 11. Bh4 a5 12. a4 Be6 13. Re1 Nc7 14. Ra3 Nbd5 15. Ne4 f6 16. Nf3 Bf7 17. Bg3 Na6 18. c3 Bh6 19. h4 Qd7 20. Ra1 Rad8 21. Qc2 Qf5 22. Re2 Bf4 23. Rae1 Nac7 24. Nc5 Qxc2 25. Bxc2 Bxg3 26. fxg3 b6 27. Nd3 Na6 28. Nf4 Nac7 29. Nd3 Na6 30. Nf4 Nxf4 31. gxf4 e6 32. Bb3 Nc7 33. g4 Nd5 34. Bxd5 exd5 35. Re7 Rfe8 36. Rc7 Re4 37. Rxc6 Rxf4 38. Nh2 h5 39. gxh5 gxh5 40. Rxb6 Kh8 41. Rf1 Rg8+ 42. Kh1 Rxh4 43. Rfxf6 Kg7 44. Rf3 Re8 45. Rb7 Rf8 46. Kg2 Re4 47. Kf2 Kg8 48. Nf1 Be8 49. Rxf8+ Kxf8 50. Ne3 Bxa4 51. Ra7 h4 52. Rxa5 Rf4+ 53. Kg2 Bd7 54. Nxd5 h3+ 55. Kg3 Rf1 56. Nf4 Rg1+ 57. Kh2 Rb1 58. Ng6+ Kg7 59. Ne5 Rxb2+ 60. Kg3 Be6 61. Ra7+ Kf6 62. Ra6 Rg2+ 63. Kf3 Rc2 64. d5 h2 65. Ng4+ Kg5 66. Nxh2 Bxd5+ 67. Ke3 Rxc3+ 68. Kd4 1/2-1/2

[Event "ARM-ch rapid"]
[Site "Yerevan"]
[Date "2016.01.24"]
[Round "3"]
[White "Martirosyan, Haik M"]
[Black "Hayrapetyan, Arman"]
[Result "1/2-1/2"]
[WhiteElo "2411"]
[BlackElo "2383"]
[PlyCount "54"]
[EventDate "2016.01.24"]
[EventType "swiss (rapid)"]
[EventRounds "8"]
[EventCountry "ARM"]
[SourceTitle "CBM 170 Extra"]
[Source "ChessBase"]
[SourceDate "2016.02.25"]
[SourceVersion "1"]
[SourceVersionDate "2016.02.25"]
[SourceQuality "1"]

1. Nf3 Nf6 2. c4 c5 3. g3 Nc6 4. Bg2 g6 5. b3 Bg7 6. Bb2 d6 7. 0-0 0-0 8. e3 Bf5 9. d4 Qc8 10. Re1 Nb4 11. Re2 Nd3 12. Ba3 e5 13. Nh4 e4 14. Nxf5 gxf5 15. Nc3 a6 16. Rd2 b5 17. Rxd3 exd3 18. dxc5 Rb8 19. cxb5 axb5 20. Bb2 dxc5 21. Qxd3 c4 22. Qe2 b4 23. Nd5 Nxd5 24. Bxg7 Nc3 25. Qh5 Kxg7 26. Qg5+ Kh8 27. Qf6+ Kg8 1/2-1/2

[Event "EU-ch University 1st"]
[Site "Yerevan"]
[Date "2015.10.09"]
[Round "5"]
[White "Petrosyan, Manuel"]
[Black "Hayrapetyan, Arman"]
[Result "1/2-1/2"]
[WhiteElo "2452"]
[BlackElo "2320"]
[PlyCount "163"]
[EventDate "2015.10.07"]
[EventType "swiss"]
[EventRounds "9"]
[EventCountry "ARM"]
[SourceTitle "CBM 168 Extra"]
[Source "ChessBase"]
[SourceDate "2015.10.29"]
[SourceVersion "1"]
[SourceVersionDate "2015.10.29"]
[SourceQuality "1"]

1. d4 d5 2. c4 c6 3. Nc3 Nf6 4. e3 e6 5. Nf3 Nbd7 6. Qc2 Be7 7. Bd3 dxc4 8. Bxc4 b5 9. Bd3 Bb7 10. 0-0 a6 11. e4 c5 12. e5 Nd5 13. Nxd5 Bxd5 14. Be4 Bxe4 15. Qxe4 0-0 16. dxc5 Nxc5 17. Qg4 Qd3 18. Be3 Na4 19. Rad1 Qg6 20. Qxg6 hxg6 21. Rd7 Rfe8 22. Bd4 Rad8 23. Rc7 Rd5 24. Rfc1 Bg5 25. R1c2 Bd8 26. Rc8 Kf8 27. g3 Bb6 28. Bxb6 Nxb6 29. R8c6 Rb8 30. b3 Ke7 31. Rc7+ Rd7 32. Ng5 f6 33. Ne4 fxe5 34. Rxd7+ Nxd7 35. Rc7 Kd8 36. Rc6 Rb6 37. Rxb6 Nxb6 38. Nc5 a5 39. Nxe6+ Ke7 40. Nc5 Nd5 41. Nb7 a4 42. bxa4 bxa4 43. Nc5 Nc3 44. a3 Kd6 45. Nd3 e4 46. Nb2 g5 47. Kf1 g4 48. Ke1 Kc5 49. Kd2 Kd4 50. Kc2 g6 51. Kd2 Nb1+ 52. Ke2 Nxa3 53. Nxa4 Nc4 54. Kf1 Nd2+ 55. Kg2 Nc4 56. Kg1 e3 57. fxe3+ Kxe3 58. Nc5 Kf3 59. Ne6 Ne5 60. Ng5+ Ke3 61. Kg2 Nf3 62. Nf7 Ke2 63. Nd6 Ne1+ 64. Kg1 Nf3+ 65. Kg2 Ne1+ 66. Kg1 Nf3+ 67. Kh1 Kf1 68. Ne4 Ne5 69. Nd2+ Ke2 70. Ne4 Ke3 71. Nf6 Kf2 72. Ne4+ Ke1 73. Kg2 Ke2 74. Nf6 Ke3 75. h3 gxh3+ 76. Kxh3 Kf3 77. Nh7 Nf7 78. Kh4 g5+ 79. Kh3 Kf2 80. Nf8 Nh6 81. Ne6 g4+ 82. Kh4 1/2-1/2